000 004380000a22001810004500
003 MACL
005 20151014172133.0
008 151014b xxu||||| |||| 00| 0 eng d
040 _aMACL
_cMACL
041 _aEnglish
082 _a320/CHO
100 _aChoudhary, Valmiki
_914496
245 _aDr, Rajendra Prasad
260 _bAllied Publishers
_c1991
_aNew Delhi
350 _a300
650 _aBiography
_914926
942 _cBK
_k920
_2ddc
999 _c8918
_d8918